000 00339nam a2200145Ia 4500
003 IN-BaIIA
008 211028s9999 xx 000 0 eng d
040 _cIIA Library
080 _a551.583
_bCLI
245 0 _aClimatic data for design of building
260 _aNew Delhi
300 _a707p.
650 _aClimate data
_93991
942 _cBK
999 _c2202
_d2202